| 000 | 00470nam a22001577a 4500 | ||
|---|---|---|---|
| 003 | macl | ||
| 005 | 20240310164826.0 | ||
| 008 | 240310b |||||||| |||| 00| 0 eng d | ||
| 040 | _cmacl | ||
| 082 | _a891.433/N/RAZ | ||
| 100 |
_aरजा, राही मासूम _943799 |
||
| 245 | _aआघा गांव | ||
| 260 |
_aदिल्ली _bराजकमल पेपरबैक्स _c2021 |
||
| 650 | _aउपन्यास | ||
| 942 |
_2ddc _cHIN |
||
| 999 |
_c66799 _d66799 |
||